صراع الأفكار فى العالم الحديث / (Record no. 14226)
[ view plain ]
| 000 -الفاتح | |
|---|---|
| حقل البيانات ثابتة الطول | 00693cam a22001697a 4500 |
| 008 - عناصر البيانات ثابتة الطول - معلومات عامة | |
| حقل البيانات ثابتة الطول | 100627t1981 xxu||||| |||| 00| 0 ara d |
| 082 ## - رقم تصنيف ديوى العشرى | |
| رقم الطبعة | 22 |
| رقم التصنيف | 335.422 |
| رقم المادة | ك و ر |
| 100 ## - المدخل الرئيسى - إسم شخصى | |
| 9 (RLIN) | 15247 |
| الإسم الشخصى | كورتونوف، ف |
| 245 ## - بيان العنوان | |
| العنوان | صراع الأفكار فى العالم الحديث / |
| بيان المسئوليه,etc | ف.كورتونوف؛ ترجمة حنا عبود |
| 260 ## - PUBLICATION, DISTRIBUTION, ETC. (IMPRINT) | |
| مكان الناشر او الموزع | دمشق : |
| اسم الناشر او الموزع | دار دمشق للطباعة و النشر ، |
| تاريخ النشر أو التوزيع | 1981. |
| 300 ## - الوصف المادى | |
| التعداد | 292 ص ؛ |
| أبعاد الوعاء | 24سم. |
| 504 ## - تبصرة ببليوجرافية | |
| تبصرة ببليوجرافية,الخ | يحتوى على إرجاعات ببليوجرافية |
| 541 ## - تبصرة المصدر المباشر للتزويد | |
| مصدر التزويد | علاء عبد الغنى ؛ |
| طريقة التزويد | إهداء ؛ |
| 650 ## - المدخل الاضافى بالموضوع-مصطلح موضوعى | |
| 9 (RLIN) | 13590 |
| مصطلح موضوعي أو اسم جغرافي كعنصر مدخل | الشيوعية |
| 700 ## - المدخل الاضافى - اسم شخصى | |
| 9 (RLIN) | 15248 |
| الإسم الشخصى | عبود، حنا |
| الدور | مترجم |
| 942 ## - عناصر المدخل الإضافي( كوها) | |
| مصدر التصنيف او مخطط الترفيف | Dewey Decimal Classification |
| Koha [default] item type | Book - Borrowing |
| حالة التراجع | حالة الفقد | مصدر التصنيف او خطة الترفيف | حالة تلف | ليس للاعارة | مجموعات كوها | المكان الدائم | المكان الحالي | موقع الترفيف | تاريخ الاكتساب | Source of acquisition | رقم الاستدعاء | الباركود | Date last seen | نوع الوعاء | تبصرة عامة |
|---|---|---|---|---|---|---|---|---|---|---|---|---|---|---|---|
| Dewey Decimal Classification | Donation-Gift | Central Library | Central Library | First floor | 27/06/2010 | Donation | 335.422 ك و ر | 000021192 | 15/07/2025 | Book - Borrowing | Donated by: Alla Abd El- Ghany |